| 000 | 00526nam a2200169 4500 | ||
|---|---|---|---|
| 008 | 020604s1960 us 0 engYA | ||
| 090 | 0 |
_aBV2063 _bN54m |
|
| 100 | 1 | _aNida, Eugene A. | |
| 245 | 1 | 0 |
_aMessage and mission/ _cEugene A. Nida |
| 260 |
_aCalifornia : _bWilliam Carey, _cc1960. |
||
| 300 |
_a253 p. : _bills. |
||
| 504 | _aBiblio: p. 239 | ||
| 650 | 4 |
_aBible _xTerminology. |
|
| 650 | 4 | _aCommunication (Theology). | |
| 650 | 4 | _aIntercultural Communication. | |
| 951 |
_p4831 _oBV2063/N54m _j070613111125203 _d2000-12-21 _cGC |
||
| 999 |
_c8828 _d8828 |
||